000 00397pab a2200145 454500
008 180718b1988 xxu||||| |||| 00| 0 eng d
100 _aLikierman, Andrew
245 _aInformation on expenditure for Parliament
_bAn overview and future directions
260 _c1988
300 _a362-79
362 _aJuly
650 _aExpenditures. Government
773 _aParliamentary Affairs
909 _a7933
999 _c7933
_d7933